|
|
|
|
| LEADER |
00000nam0a2200000 4500 |
| 001 |
357220 |
| 005 |
20231102010953.0 |
| 035 |
|
|
|a (RuTPU)RU\TPU\retro\14480
|
| 090 |
|
|
|a 357220
|
| 100 |
|
|
|a 20200803d1978 k y0rusy50 ca
|
| 101 |
0 |
|
|a rus
|
| 102 |
|
|
|a RU
|
| 105 |
|
|
|a a z 001zy
|
| 200 |
1 |
|
|a Механика твердого деформируемого тела и родственные проблемы анализа
|e межвузовский сборник научных трудов
|f Московский институт химического машиностроения ; под ред. В. З. Партона
|
| 210 |
|
|
|a Москва
|c Московский ин-т химического машиностроения
|d 1978
|
| 215 |
|
|
|a 147 с.
|c ил.
|
| 320 |
|
|
|a Библиография в конце статей
|
| 606 |
1 |
|
|a Механика деформируемых тел
|x (сопротивление материалов)
|2 stltpush
|3 (RuTPU)RU\TPU\subj\43566
|9 63053
|
| 610 |
1 |
|
|a теория упругости
|
| 610 |
1 |
|
|a теория пластичности
|
| 610 |
1 |
|
|a теория оболочек
|
| 610 |
1 |
|
|a теория колебаний
|
| 610 |
1 |
|
|a теория устойчивости
|
| 610 |
1 |
|
|a термодиффузия
|
| 610 |
1 |
|
|a аналитические функции
|
| 610 |
1 |
|
|a интерполяция
|
| 610 |
1 |
|
|a теория игр
|
| 610 |
1 |
|
|a программирование
|
| 610 |
1 |
|
|a итеративные методы
|
| 610 |
1 |
|
|a пространственные задачи
|
| 675 |
|
|
|a 539.37
|v 4
|
| 702 |
|
1 |
|a Партон
|b В. З.
|4 340
|
| 712 |
0 |
2 |
|a Московский институт химического машиностроения
|c (1933-1993)
|2 stltpush
|3 (RuTPU)RU\TPU\col\7881
|9 24402
|
| 801 |
|
1 |
|a RU
|b 63413507
|c 20200803
|
| 801 |
|
2 |
|a RU
|b 63413507
|c 20210219
|g RCR
|
| 942 |
|
|
|c BK
|